Aviation Acronyms Sudden Death - Statistics

General Stats
  • This quiz has been taken 289 times
  • The average score is 8 of 23
Answers on the Grid
Answers color-coded by a green-red scale on the quiz's grid according to % correct below.
ICAO
ILS
VFR
IFR
FCS
PIO
ATC
METAR
NOTAM
TCAS
APU
AP
ADS-B
AGL
ASL
KTAS
KIAS
PPL
VNE
V1
STOL
VTOL
ZMR
PSA
MMR
PLT
ASCWS
RDS-B
LTOL
SMC
POE
AB
NTZ
ONT1
PSI
AXR
 
Answer Stats
Answer % Correct
ATC
62%
ICAO
51%
IFR
51%
APU
50%
VTOL
50%
V1
47%
ILS
46%
VFR
46%
METAR
45%
NOTAM
45%
TCAS
41%
PPL
39%
ADS-B
37%
STOL
37%
KIAS
25%
AGL
24%
KTAS
24%
AP
23%
ASL
20%
VNE
15%
FCS
10%
NTZ
2%
PIO
2%
No matching quizzes found
Score Distribution
Percent of People with Each Score
Percentile by Number Answered
Your Score History
You have not taken this quiz